| 000 | 00373pam a2200157a 44500 | ||
|---|---|---|---|
| 008 | 230515b1985 xxu||||| |||| 00| 0 eng d | ||
| 020 | _aNULL | ||
| 041 | _aENGL | ||
| 082 | _a00519.4/ STA. | ||
| 100 | _aSTANTON. R.G. | ||
| 245 | _aNUMERICAL METHODS FOR SCIENCE AND ENGINEERING | ||
| 250 | _aN.D. | ||
| 260 |
_aNULL _bPHILI _c1985 |
||
| 300 | _a266 PB | ||
| 650 | _aNULL | ||
| 999 |
_c618781 _d618781 |
||